00271nam a2200109Ia 4500008004100000041000800041082001600049100001200065245003200077260003300109300001900142241015s9999 xx 000 0 und d aeng a005.133 MOT aMotwani aData Analytics Using Python bWiley IndiaaNew Delhic2020 a734;. P. 27 cm